000 00736nam a2200277Ia 4500
005 20260324112617.0
008 008 260324s9999 xx 000 0 eng d
020 _a9781032664828
037 _aEBOOK
040 _aCRL
040 _beng
040 _cCRL
041 _2eng
041 _aeng
084 _qCRL
100 _aChhaya Santosh Gosavi; Ganesh Bhutkar; Abhijit Banubakode; Emmanuel Eilu
_91143418
245 0 _aInteractive Media with Next-Gen Technologies and Their Usability Evaluation
260 _bTaylor and Francis
260 _c2024
365 _a
365 _b305
856 _uhttp://www.taylorfrancis.com/books/9781032664828
942 _cEBOOK
999 _c1732683
_d1732683